zpět

Detail výsledku týmu

Be Friendly, Praha

Datum a čas kvízu

24 Celkem bodů Celkový počet nahraných bodů na tomto kvízu bez doplňovacích otázek.
6. Pořadí na kvízu Konečné umístění týmu na tomto kvízu.

Zaznamenané odpovědi

# Otázka Odpověď Body Výsledky
1. Vláda ve čtvrtek schválila odc... 0
2. Manželka amerického prezidenta... 1
3. V pondělí byl neznámými útoční... 0
4. Firma, patřící do holdingu Agr... 0
5. Žádné překvapení se nekonalo,... 0.5
6. Podíváme se na zvířata, která... 0
7. Na území kterého státu žije vě... 0
8. Jak se jmenuje toto roztomilé... 0
9. Menší kočkovitá šelma margay,... 1
10. Svět je opravdu plný paradoxů.... 0